مكتبة جامعة عجلون الوطنية

فهرس بحث المكتبة

أثر مشروعية الصلاحيات الممنوحة للحاكم الاداري بالتوقيف على القضاء الاردني = The impact of the legitimacy of the powers granted to the administrative governor to arrest on the jordanian judiciary / (Record no. 33894)

MARC details
000 -LEADER
fixed length control field 01186nam a22002057a 4500
003 - CONTROL NUMBER IDENTIFIER
control field JO-AjAnu
005 - DATE AND TIME OF LATEST TRANSACTION
control field 20250317093205.0
008 - FIXED-LENGTH DATA ELEMENTS--GENERAL INFORMATION
fixed length control field 250315b jo ||||| |||| 00| 0 ara d
040 ## - CATALOGING SOURCE
Original cataloging agency JO-AjAnu
Language of cataloging ara
Transcribing agency JO-AjAnu
Modifying agency JO-AjAnu
Description conventions rda
041 ## - LANGUAGE CODE
Language code of text/sound track or separate title ara
Language code of original ara
050 ## - LIBRARY OF CONGRESS CALL NUMBER
Classification number K3410
Item number 2025
100 #1 - MAIN ENTRY--PERSONAL NAME
Personal name المومني، دانيه عبدالقادر محمد
Relator term معد
9 (RLIN) 66505
245 #0 - TITLE STATEMENT
Title أثر مشروعية الصلاحيات الممنوحة للحاكم الاداري بالتوقيف على القضاء الاردني = The impact of the legitimacy of the powers granted to the administrative governor to arrest on the jordanian judiciary /
Statement of responsibility, etc. اعداد دانيه عبدالقادر محمد المومني؛ اشراف طلال ياسين العيسى
260 ## - PUBLICATION, DISTRIBUTION, ETC.
Date of publication, distribution, etc. 2025
300 ## - PHYSICAL DESCRIPTION
Extent 118 ورقة
500 ## - GENERAL NOTE
General note رسالة جامعية(رسالة ماجستير في القانون) - جامعة عجلون الوطنية، ( عجلون، الاردن) - كلية الحقوق، قسم القانون، 2025.
650 #0 - SUBJECT ADDED ENTRY--TOPICAL TERM
Topical term or geographic name entry element القضاء الاداري - الحاكم الاداري
9 (RLIN) 66506
700 #1 - ADDED ENTRY--PERSONAL NAME
Personal name العيسى، طلال ياسين
9 (RLIN) 64930
Relator term مشرف
942 ## - ADDED ENTRY ELEMENTS (KOHA)
Source of classification or shelving scheme Library of Congress Classification
Koha item type Thesis
Suppress in OPAC No
Holdings
Withdrawn status Lost status Source of classification or shelving scheme Damaged status Not for loan Home library Current library Date acquired Total Checkouts Full call number Barcode Date last seen Price effective from Koha item type
    Library of Congress Classification     مكتبة جامعة عجلون الوطنية مكتبة جامعة عجلون الوطنية 15/03/2025   K3410 2025 a30193 15/03/2025 15/03/2025 Thesis
    Library of Congress Classification     مكتبة جامعة عجلون الوطنية مكتبة جامعة عجلون الوطنية 15/03/2025   K3410 2025 a30192 15/03/2025 15/03/2025 Thesis